| 000 | 00655nam a2200217 4500 | ||
|---|---|---|---|
| 003 | OSt | ||
| 005 | 20240626020908.0 | ||
| 006 | a | ||
| 008 | 240626b |||||||| |||| 00| 0 eng d | ||
| 020 | _a9960340112 | ||
| 040 |
_aDWCL-Main lib. _cOC |
||
| 082 |
_2Second edition _aCirc. 297 Ib14b 1997 |
||
| 100 | _aIbrahim, I.A. | ||
| 245 | _aA brief illustrated guide to understanding Islam / | ||
| 250 | _aSecond edition | ||
| 260 |
_aEgypt : _bConveying Islamic Message Society, _cc1997. |
||
| 300 |
_b74 p. : ill. ; _c 21 cm. |
||
| 504 | _aIncludes bibliographical references. | ||
| 650 | _a1. Islam. | ||
| 942 |
_2ddc _n0 _cBK-CIRC _eSecond edition _kCirc. |
||
| 999 |
_c1362 _d1362 |
||